A sertéstápok homogenitásának vizsgálata kémiai analízis alapján
Elmentve itt :
| Szerző: | |
|---|---|
| További közreműködők: | |
| Dokumentumtípus: | Szakdolgozat |
| Megjelent: |
1982
|
| Kulcsszavak: | Takarmányozás Sertéstápok Keveréktakarmányok |
| Tárgyszavak: | |
| Online Access: | http://diploma.bibl.u-szeged.hu/98566 |
| LEADER | 00747nta a2200229 i 4500 | ||
|---|---|---|---|
| 001 | dipl98566 | ||
| 005 | 20211221131451.0 | ||
| 008 | 211221s1982 hu om 0|| hun d | ||
| 040 | |a SZTE Diploma Repozitórium |b hun | ||
| 041 | |a hun | ||
| 100 | 1 | |a Varga Balázs | |
| 245 | 1 | 2 | |a A sertéstápok homogenitásának vizsgálata kémiai analízis alapján |h [elektronikus dokumentum] / |c Balázs Varga |
| 260 | |c 1982 | ||
| 300 | |a 52 | ||
| 650 | 4 | |a Agrár | |
| 650 | 4 | |a Agricultural sciences | |
| 650 | 4 | |a Animal and Dairy science | |
| 695 | |a Takarmányozás | ||
| 695 | |a Sertéstápok | ||
| 695 | |a Keveréktakarmányok | ||
| 700 | 1 | |a Oláh Mihály |e ths | |
| 856 | 4 | 0 | |u http://diploma.bibl.u-szeged.hu/id/eprint/98566/1/1982_varga_balazs.pdf |z Dokumentum-elérés |